régions de france avec une carte en voie de disparition - Statistiques

Statistiques générales
  • Ce quiz a été pris 218 fois
    216 depuis la dernière actualisation
  • Le résultat moyen est 12 sur 13
Réponses sur la Carte
Les réponses sont colorées sur une échelle allant du rouge au vert en fonction du pourcentage des utilisateurs qui les ont devinées à leur premier essai. Vous pouvez retrouver ces pourcentages ci-dessous.
 
Statistiques - réponses
Régions % Correct
Corse
97%
Île-de-France
97%
Bretagne
96%
Normandie
95%
Provence-Alpes-Côte d'Azur
95%
Grand Est
94%
Centre-Val de Loire
93%
Auvergne-Rhône-Alpes
92%
Hauts-de-France
92%
Occitanie
92%
Nouvelle-Aquitaine
89%
Pays de la Loire
87%
Bourgogne-Franche-Comté
86%
Aucun quiz correspondant
Distribution des résultats
% des personnes avec chaque résultat
Percentile par nombre de réponses
Votre historique - résultats
Vous n’avez pas pris ce quiz depuis la dernière actualisation